Famous People with US State Names - Statistics

General Stats
  • This quiz has been taken 249 times
    33 since last reset
  • The average score is 7 of 14
Answer Stats
Life Hint Person % Correct
1732–1799 American general and president George Washington
84%
Fictional Adventurer and professor of archaeology Indiana Jones
71%
Fictional Miley Stewart's alter ego Hannah Montana
68%
1956– San Francisco 49ers quarterback from 1979 to 1992 Joe Montana
55%
1911–1983 A Streetcar Named Desire playwright Tennessee Williams
52%
1954– Won Oscars for Glory and Training Day Denzel Washington
48%
1979– Rapper and singer of "Right Round" and "Whistle" Flo Rida
48%
1989– Fifty Shades of Grey actress Dakota Johnson
45%
1887–1986 Painter of flowers known as the "Mother of American modernism" Georgia O'Keeffe
42%
1882–1941 She wrote Mrs Dalloway and A Room of One's Own. Virginia Woolf
39%
1783–1859 Wrote "Rip Van Winkle" and "The Legend of Sleepy Hollow" Washington Irving
39%
1864–1943 Prominent black scientist who promoted methods to prevent soil depletion George Washington Carver
35%
1994– War of the Worlds and Coraline actress Dakota Fanning
32%
1856–1915 Educator and first leader of the Tuskegee Institute Booker T. Washington
19%
No matching quizzes found
Score Distribution
Percent of People with Each Score
Percentile by Number Answered
Your Score History
You have not taken this quiz since the last reset